<?xml version="1.0" encoding="UTF-8"?>
<marc:record xmlns:marc="http://www.loc.gov/MARC21/slim">
   <marc:leader>00000nam a2200000 a 4500</marc:leader>
   <marc:datafield ind1=" " ind2=" " tag="653">
      <marc:subfield code="a">Fühlbuch</marc:subfield>
   </marc:datafield>
   <marc:datafield ind1="0" ind2="0" tag="245">
      <marc:subfield code="a">Kuckuck, kleiner Bagger!</marc:subfield>
   </marc:datafield>
   <marc:datafield ind1="0" ind2="0" tag="245">
      <marc:subfield code="b">Mein Filz-Fühlbuch (Fühlen und die Welt begreifen)</marc:subfield>
   </marc:datafield>
   <marc:datafield ind1=" " ind2="1" tag="264">
      <marc:subfield code="b">Coppenrath</marc:subfield>
      <marc:subfield code="c">2023</marc:subfield>
   </marc:datafield>
   <marc:datafield ind1="1" ind2=" " tag="520">
      <marc:subfield code="a">Wo haben sich der kleine Bagger und seine Freunde versteckt? Große Stoffklappen laden zum Mitsuchen und Spielen ein. Und im Spiegel auf der letzten Seite entdecken die Kleinen: Das bin ja ich!

DAS Original: Die erfolgreiche Filzfühlbuch-Reihe von Coppenrath</marc:subfield>
   </marc:datafield>
   <marc:datafield ind1=" " ind2=" " tag="020">
      <marc:subfield code="a">9783649644026</marc:subfield>
      <marc:subfield code="9">9783649644026</marc:subfield>
   </marc:datafield>
</marc:record>
